Sports Quiz

Random Sports or NCAA Quiz
Score 0/59 Timer 08:00
0 Plays Today
Team Name College % Correct
Golden GophersUniversity of Minnesota
87.3%
WolverinesUniversity of Michigan
86%
SpartansMichigan State University
86%
EaglesBoston College
84.7%
TerriersBoston University
82.8%
Fighting SiouxUniversity of North Dakota
82.2%
Fighting IrishUniversity of Notre Dame
82.2%
BuckeyesOhio State University
82.2%
Nittany LionsPennsylvania State University
79%
BadgersUniversity of Wisconsin - Madison
77.7%
FalconsUnited States Air Force Academy
77.1%
Black KnightsUnited States Military Academy
75.8%
CrimsonHarvard University
75.8%
Big RedCornell University
74.5%
Black BearsUniversity of Maine
73.2%
MinutemenUniversity of Massachusetts - Amherst
73.2%
FriarsProvidence College
72%
Big GreenDartmouth College
69.4%
CatamountsUniversity of Vermont
69.4%
PioneersUniversity of Denver
68.8%
RedHawksMiami University
68.2%
SeawolvesUniversity of Alaska - Anchorage
63.7%
BulldogsUniversity of Minnesota - Duluth
63.1%
NanookUniversity of Alaska - Fairbanks
61.8%
TigersPrinceton University
61.8%
BearsBrown University
60.5%
River HawksUniversity of Massachusetts - Lowell
59.2%
BroncosWestern Michigan University
59.2%
HuskiesNortheastern University
58%
ChargersUniversity of Alabama - Huntsville
57.3%
Team Name College % Correct
TigersColorado College
56.1%
LakersLake Superior State University
54.8%
BeaversBemidji State University
54.1%
EngineersRennselaer Polytechnic Institute
54.1%
FalconsBowling Green State University
53.5%
WildcatsUniversity of New Hampshire
53.5%
CrusadersCollege of the Holy Cross
52.2%
MavericksMinnesota State University - Mankato
52.2%
HuskiesMichigan Technological University
51%
BulldogsYale University
50.3%
Golden GriffinsCanisius College
49.7%
HuskiesUniversity of Connecticut
49%
BobcatsQuinnipiac University
46.5%
BulldogsFerris State University
45.9%
Purple EaglesNiagara University
45.9%
Yellow JacketsAmerican International College
45.2%
DutchmenUnion College
45.2%
WarriorsMerrimack College
43.9%
WildcatsNorthern Michigan University
43.9%
RaidersColgate University
43.3%
Golden KnightsClarkson University
42.7%
MavericksUniversity of Nebraska - Omaha
42%
HuskiesSt. Cloud State University
41.4%
TigersRochester Institute of Technology
38.9%
ColonialsRobert Morris University
38.2%
FalconsBentley College
36.9%
SaintsSt. Lawrence University
35%
LakersMercyhurst University
32.5%
PioneersSacred Heart University
28.7%

You're not logged in!

Compare scores with friends on all Sporcle quizzes.
OR
Log In

Sporcle TV

Today on Sporcle TV


Watch our educational content, quiz creation guides, and fun videos on Sporcle TV.

Show Comments

Extras

Top Quizzes Today


Score Distribution

Paid Content

Your Account Isn't Verified!

In order to create a playlist on Sporcle, you need to verify the email address you used during registration. Go to your Sporcle Settings to finish the process.

Report this User

Report this user for behavior that violates our Community Guidelines.

Details: